[Event "IND-ch U15"]
[Site "New Delhi"]
[Date "2010.09.04"]
[Round "1"]
[White "Dange, Soham"]
[Black "Sidhant, Mohapatra"]
[Result "0-1"]
[WhiteElo "1623"]
[BlackElo "2125"]
[PlyCount "84"]
[EventDate "2010.09.04"]
[EventType "swiss"]
[EventRounds "11"]
[EventCountry "IND"]
[SourceTitle "CBM 138 Extra"]
[Source "ChessBase"]
[SourceDate "2010.10.29"]
[SourceVersion "1"]
[SourceVersionDate "2010.10.29"]
[SourceQuality "1"]

1. Nf3 Nf6 2. g3 b6 3. Bg2 Bb7 4. b3 e6 5. Bb2 Be7 6. d3 d5 7. Nbd2 Nbd7 8. e4 dxe4 9. dxe4 0-0 10. Qe2 a5 11. a3 Ba6 12. c4 Nc5 13. 0-0 Qd3 14. Nd4 Qxe2 15. Nxe2 Rad8 16. Bc3 Rd3 17. e5 Ng4 18. b4 Na4 19. b5 Nxc3 20. Nxc3 Bc8 21. Ncb1 Nxe5 22. f4 Bc5+ 23. Kh1 Ng4 24. Ne4 Bd4 25. Ra2 Ne3 26. Re1 Bb7 27. Nf6+ Bxf6 28. Bxb7 Nxc4 29. a4 Rfd8 30. Kg2 Bb2 31. Re2 Rb3 32. Kh3 Kf8 33. Be4 Ke7 34. Rc2 Rd4 35. Bg2 Kd7 36. Bf1 Ne3 37. Raxb2 Rxb2 38. Rxb2 Nxf1 39. Rf2 Ne3 40. Rd2 Rxd2 41. Nxd2 Nd5 42. Ne4 h6 0-1